|
|
|
|
| LEADER |
00000cam a2200000 7i4500 |
| 001 |
0000007168 |
| 005 |
20021119093000.0 |
| 008 |
021119s1985 |
| 020 |
|
|
|a 0912966785
|
| 090 |
0 |
0 |
|a JX1428.P3
|b U5 1985
|
| 245 |
0 |
0 |
|a United States-Pakistan relations
|c edited by Leo E. Rose and Noor A. Hussain
|
| 260 |
2 |
|
|a Berkeley, Calif. :
|b Institute of East Asian Studies, University of California ,
|c c1985
|
| 300 |
|
|
|a ix, 270 p. ; ;
|c 23 cm.
|
| 440 |
0 |
0 |
|a Research papers & policy studies ;
|c 13
|
| 651 |
|
0 |
|a Pakistan
|x Relations
|z United States
|
| 651 |
|
0 |
|a United States
|x Relations
|z Pakistan
|
| 700 |
0 |
|
|a Hussain, Noor A. ,
|e author
|
| 700 |
0 |
|
|a Rose, Leo E. ,
|e author
|
| 999 |
|
|
|a 1000022032
|b Book
|c OPEN SHELF (30 DAYS)
|e Gong Badak Campus
|